<?xml version="1.0" encoding="UTF-8"?>
<record
    xmlns:xsi="http://www.w3.org/2001/XMLSchema-instance"
    xsi:schemaLocation="http://www.loc.gov/MARC21/slim http://www.loc.gov/standards/marcxml/schema/MARC21slim.xsd"
    xmlns="http://www.loc.gov/MARC21/slim">

  <leader>02101nam a22004817a 4500</leader>
  <controlfield tag="005">20161109115045.0</controlfield>
  <controlfield tag="008">151006b        sp ||||| |||| 00| 0 spa d</controlfield>
  <datafield tag="020" ind1=" " ind2=" ">
    <subfield code="a">8467005343 (o. c.)</subfield>
  </datafield>
  <datafield tag="020" ind1=" " ind2=" ">
    <subfield code="a">8467005351 (V. 1)</subfield>
  </datafield>
  <datafield tag="020" ind1=" " ind2=" ">
    <subfield code="a">846700536X (V. 2)</subfield>
  </datafield>
  <datafield tag="020" ind1=" " ind2=" ">
    <subfield code="a">8467005378 (V. 3)</subfield>
  </datafield>
  <datafield tag="020" ind1=" " ind2=" ">
    <subfield code="a">8467005386 (V. 4)</subfield>
  </datafield>
  <datafield tag="020" ind1=" " ind2=" ">
    <subfield code="a">8467005394 (V. 5)</subfield>
  </datafield>
  <datafield tag="020" ind1=" " ind2=" ">
    <subfield code="a">8467005408 (V. 6)</subfield>
  </datafield>
  <datafield tag="020" ind1=" " ind2=" ">
    <subfield code="a">9788467005417 (V. 7)</subfield>
  </datafield>
  <datafield tag="020" ind1=" " ind2=" ">
    <subfield code="a">9788467005424 (V. 8)</subfield>
  </datafield>
  <datafield tag="020" ind1=" " ind2=" ">
    <subfield code="a">9788467005431 (V. 9)</subfield>
  </datafield>
  <datafield tag="020" ind1=" " ind2=" ">
    <subfield code="a">9788467005448 (V. 10)</subfield>
  </datafield>
  <datafield tag="020" ind1=" " ind2=" ">
    <subfield code="a">9788467005455 (V. 11)</subfield>
  </datafield>
  <datafield tag="020" ind1=" " ind2=" ">
    <subfield code="a">9788467005462 (V. 12)</subfield>
  </datafield>
  <datafield tag="020" ind1=" " ind2=" ">
    <subfield code="a">9788467005479 (V. 13)</subfield>
  </datafield>
  <datafield tag="020" ind1=" " ind2=" ">
    <subfield code="a">9788467005486 (V. 14)</subfield>
  </datafield>
  <datafield tag="020" ind1=" " ind2=" ">
    <subfield code="a">9788467005493 (V. 15)</subfield>
  </datafield>
  <datafield tag="020" ind1=" " ind2=" ">
    <subfield code="a">9788467005509 (V. 16)</subfield>
  </datafield>
  <datafield tag="020" ind1=" " ind2=" ">
    <subfield code="a">9788467005516 (V. 17)</subfield>
  </datafield>
  <datafield tag="020" ind1=" " ind2=" ">
    <subfield code="a">9788467005523 (V. 18)</subfield>
  </datafield>
  <datafield tag="020" ind1=" " ind2=" ">
    <subfield code="a">9788467005530 (V. 19)</subfield>
  </datafield>
  <datafield tag="020" ind1=" " ind2=" ">
    <subfield code="a">9788467005547 (V. 20)</subfield>
  </datafield>
  <datafield tag="020" ind1=" " ind2=" ">
    <subfield code="a">9788467005554 (V. 21)</subfield>
  </datafield>
  <datafield tag="020" ind1=" " ind2=" ">
    <subfield code="a">9788467005561 (V. 22)</subfield>
  </datafield>
  <datafield tag="020" ind1=" " ind2=" ">
    <subfield code="a">9788467005578 (V. 23)</subfield>
  </datafield>
  <datafield tag="020" ind1=" " ind2=" ">
    <subfield code="a">9788467005585 (V. 24)</subfield>
  </datafield>
  <datafield tag="050" ind1="0" ind2="4">
    <subfield code="a">AE61</subfield>
    <subfield code="b">G73 2005</subfield>
  </datafield>
  <datafield tag="245" ind1="0" ind2="0">
    <subfield code="a">Gran Espasa Universal :</subfield>
    <subfield code="b">Enciclopedia</subfield>
    <subfield code="c"> / directora Carolina Doeyo; editora Alicia Escamilla</subfield>
  </datafield>
  <datafield tag="250" ind1=" " ind2=" ">
    <subfield code="a">1a ed.</subfield>
  </datafield>
  <datafield tag="260" ind1=" " ind2=" ">
    <subfield code="a">Madrid :</subfield>
    <subfield code="b">Espasa Calpe,</subfield>
    <subfield code="c">2005</subfield>
  </datafield>
  <datafield tag="300" ind1=" " ind2=" ">
    <subfield code="a">24 v. :</subfield>
    <subfield code="b">il. ;</subfield>
    <subfield code="c">28 cm.</subfield>
  </datafield>
  <datafield tag="505" ind1="0" ind2=" ">
    <subfield code="a">Contenido :</subfield>
    <subfield code="t">V. 1 a-altamente --</subfield>
    <subfield code="t">V. 2 altamira-arroz --</subfield>
    <subfield code="t">V. 3 arrozal-beatitud --</subfield>
    <subfield code="t">V. 4 Beatles-cabida --</subfield>
    <subfield code="t">V. 5 cabila-ceramial --</subfield>
    <subfield code="t">V. 6 cer&#xE1;mica-condenatorio --</subfield>
    <subfield code="t">V. 7 condensaci&#xF3;n-Day&#xE1;n --</subfield>
    <subfield code="t">V. 8 Daym&#xE1;n- Elciego --</subfield>
    <subfield code="t">V. 9 Elda-Etna --</subfield>
    <subfield code="t">V. 10 etnia-funda --</subfield>
    <subfield code="t">V. 11 fundaci&#xF3;n-Guerau --</subfield>
    <subfield code="t">V. 12 Guercino-implume --</subfield>
    <subfield code="t">V. 13 impluvio-Kanpur --</subfield>
    <subfield code="t">V. 14 kansa-Machover --</subfield>
    <subfield code="t">V. 15 Machu Picchu-Mezalocha --</subfield>
    <subfield code="t">V. 16 mezcal-Nefertari --</subfield>
    <subfield code="t">V. 17 Nefertiti-pacense --</subfield>
    <subfield code="t">V. 18 pace&#xF1;o-plater&#xED;a --</subfield>
    <subfield code="t">V. 19 Plater&#xED;as-radiador --</subfield>
    <subfield code="t">V. 20 radial-royalty --</subfield>
    <subfield code="t">V. 21 Royan-Sierro --</subfield>
    <subfield code="t">V. 22 siervo-te&#xF3;rico --</subfield>
    <subfield code="t">V. 23 teorizar-valenciano --</subfield>
    <subfield code="t">V. 24 Valenciennes-Zyrjan</subfield>
  </datafield>
  <datafield tag="650" ind1=" " ind2="7">
    <subfield code="2">lemb</subfield>
    <subfield code="a">Enciclopedias</subfield>
  </datafield>
  <datafield tag="700" ind1="1" ind2=" ">
    <subfield code="a">Deoyo, Carolina</subfield>
    <subfield code="e">dir.</subfield>
  </datafield>
  <datafield tag="700" ind1="1" ind2=" ">
    <subfield code="a">Escamilla, Alicia</subfield>
    <subfield code="e">ed.</subfield>
  </datafield>
  <datafield tag="942" ind1=" " ind2=" ">
    <subfield code="2">lcc</subfield>
    <subfield code="c">LIB</subfield>
  </datafield>
  <datafield tag="999" ind1=" " ind2=" ">
    <subfield code="c">1750</subfield>
    <subfield code="d">1750</subfield>
  </datafield>
  <datafield tag="952" ind1=" " ind2=" ">
    <subfield code="1">0</subfield>
    <subfield code="2">lcc</subfield>
    <subfield code="4">0</subfield>
    <subfield code="7">0</subfield>
    <subfield code="a">BACH-006</subfield>
    <subfield code="b">BACH-006</subfield>
    <subfield code="c">CONSULTA</subfield>
    <subfield code="d">2015-10-06</subfield>
    <subfield code="f">1a</subfield>
    <subfield code="k">EH</subfield>
    <subfield code="o">AE61 G73 2005</subfield>
    <subfield code="p">PIA000002794</subfield>
    <subfield code="r">2015-10-06 00:00:00</subfield>
    <subfield code="t">C:1 V:1</subfield>
    <subfield code="y">LIB</subfield>
  </datafield>
  <datafield tag="952" ind1=" " ind2=" ">
    <subfield code="1">0</subfield>
    <subfield code="2">lcc</subfield>
    <subfield code="4">0</subfield>
    <subfield code="7">0</subfield>
    <subfield code="a">BACH-006</subfield>
    <subfield code="b">BACH-006</subfield>
    <subfield code="c">CONSULTA</subfield>
    <subfield code="d">2015-10-06</subfield>
    <subfield code="f">1a</subfield>
    <subfield code="k">EH</subfield>
    <subfield code="o">AE61 G73 2005</subfield>
    <subfield code="p">PIA000002795</subfield>
    <subfield code="r">2015-10-06 00:00:00</subfield>
    <subfield code="t">C:1 V:2</subfield>
    <subfield code="y">LIB</subfield>
  </datafield>
  <datafield tag="952" ind1=" " ind2=" ">
    <subfield code="1">0</subfield>
    <subfield code="2">lcc</subfield>
    <subfield code="4">0</subfield>
    <subfield code="7">0</subfield>
    <subfield code="a">BACH-006</subfield>
    <subfield code="b">BACH-006</subfield>
    <subfield code="c">CONSULTA</subfield>
    <subfield code="d">2015-10-06</subfield>
    <subfield code="f">1a</subfield>
    <subfield code="k">EH</subfield>
    <subfield code="o">AE61 G73 2005</subfield>
    <subfield code="p">PIA000002796</subfield>
    <subfield code="r">2015-10-06 00:00:00</subfield>
    <subfield code="t">C:1 V:3</subfield>
    <subfield code="y">LIB</subfield>
  </datafield>
  <datafield tag="952" ind1=" " ind2=" ">
    <subfield code="1">0</subfield>
    <subfield code="2">lcc</subfield>
    <subfield code="4">0</subfield>
    <subfield code="7">0</subfield>
    <subfield code="a">BACH-006</subfield>
    <subfield code="b">BACH-006</subfield>
    <subfield code="c">CONSULTA</subfield>
    <subfield code="d">2015-10-06</subfield>
    <subfield code="f">1a</subfield>
    <subfield code="k">EH</subfield>
    <subfield code="o">AE61 G73 2005</subfield>
    <subfield code="p">PIA000002797</subfield>
    <subfield code="r">2015-10-06 00:00:00</subfield>
    <subfield code="t">C:1 V:4</subfield>
    <subfield code="y">LIB</subfield>
  </datafield>
  <datafield tag="952" ind1=" " ind2=" ">
    <subfield code="1">0</subfield>
    <subfield code="2">lcc</subfield>
    <subfield code="4">0</subfield>
    <subfield code="7">0</subfield>
    <subfield code="a">BACH-006</subfield>
    <subfield code="b">BACH-006</subfield>
    <subfield code="c">CONSULTA</subfield>
    <subfield code="d">2015-10-06</subfield>
    <subfield code="f">1a</subfield>
    <subfield code="k">EH</subfield>
    <subfield code="o">AE61 G73 2005</subfield>
    <subfield code="p">PIA000002798</subfield>
    <subfield code="r">2015-10-06 00:00:00</subfield>
    <subfield code="t">C:1 V:5</subfield>
    <subfield code="y">LIB</subfield>
  </datafield>
  <datafield tag="952" ind1=" " ind2=" ">
    <subfield code="1">0</subfield>
    <subfield code="2">lcc</subfield>
    <subfield code="4">0</subfield>
    <subfield code="7">0</subfield>
    <subfield code="a">BACH-006</subfield>
    <subfield code="b">BACH-006</subfield>
    <subfield code="c">CONSULTA</subfield>
    <subfield code="d">2015-10-06</subfield>
    <subfield code="f">1a</subfield>
    <subfield code="k">EH</subfield>
    <subfield code="o">AE61 G73 2005</subfield>
    <subfield code="p">PIA000002799</subfield>
    <subfield code="r">2015-10-06 00:00:00</subfield>
    <subfield code="t">C:1 V:6</subfield>
    <subfield code="y">LIB</subfield>
  </datafield>
  <datafield tag="952" ind1=" " ind2=" ">
    <subfield code="1">0</subfield>
    <subfield code="2">lcc</subfield>
    <subfield code="4">0</subfield>
    <subfield code="7">0</subfield>
    <subfield code="a">BACH-006</subfield>
    <subfield code="b">BACH-006</subfield>
    <subfield code="c">CONSULTA</subfield>
    <subfield code="d">2015-10-06</subfield>
    <subfield code="f">1a</subfield>
    <subfield code="k">EH</subfield>
    <subfield code="o">AE61 G73 2008</subfield>
    <subfield code="p">PIA000002800</subfield>
    <subfield code="r">2015-10-06 00:00:00</subfield>
    <subfield code="t">C:1 V:7</subfield>
    <subfield code="y">LIB</subfield>
  </datafield>
  <datafield tag="952" ind1=" " ind2=" ">
    <subfield code="1">0</subfield>
    <subfield code="2">lcc</subfield>
    <subfield code="4">0</subfield>
    <subfield code="7">0</subfield>
    <subfield code="a">BACH-006</subfield>
    <subfield code="b">BACH-006</subfield>
    <subfield code="c">CONSULTA</subfield>
    <subfield code="d">2015-10-06</subfield>
    <subfield code="f">1a</subfield>
    <subfield code="k">EH</subfield>
    <subfield code="o">AE61 G73 2008</subfield>
    <subfield code="p">PIA000002801</subfield>
    <subfield code="r">2015-10-06 00:00:00</subfield>
    <subfield code="t">C:1 V:8</subfield>
    <subfield code="y">LIB</subfield>
  </datafield>
  <datafield tag="952" ind1=" " ind2=" ">
    <subfield code="1">0</subfield>
    <subfield code="2">lcc</subfield>
    <subfield code="4">0</subfield>
    <subfield code="7">0</subfield>
    <subfield code="a">BACH-006</subfield>
    <subfield code="b">BACH-006</subfield>
    <subfield code="c">CONSULTA</subfield>
    <subfield code="d">2015-10-06</subfield>
    <subfield code="f">1a</subfield>
    <subfield code="k">EH</subfield>
    <subfield code="o">AE61 G73 2008</subfield>
    <subfield code="p">PIA000002802</subfield>
    <subfield code="r">2015-10-06 00:00:00</subfield>
    <subfield code="t">C:1 V:9</subfield>
    <subfield code="y">LIB</subfield>
  </datafield>
  <datafield tag="952" ind1=" " ind2=" ">
    <subfield code="1">0</subfield>
    <subfield code="2">lcc</subfield>
    <subfield code="4">0</subfield>
    <subfield code="7">0</subfield>
    <subfield code="a">BACH-006</subfield>
    <subfield code="b">BACH-006</subfield>
    <subfield code="c">CONSULTA</subfield>
    <subfield code="d">2015-10-06</subfield>
    <subfield code="f">1a</subfield>
    <subfield code="k">EH</subfield>
    <subfield code="o">AE61 G73 2008</subfield>
    <subfield code="p">PIA000002803</subfield>
    <subfield code="r">2015-10-06 00:00:00</subfield>
    <subfield code="t">C:1 V:10</subfield>
    <subfield code="y">LIB</subfield>
  </datafield>
  <datafield tag="952" ind1=" " ind2=" ">
    <subfield code="1">0</subfield>
    <subfield code="2">lcc</subfield>
    <subfield code="4">0</subfield>
    <subfield code="7">0</subfield>
    <subfield code="a">BACH-006</subfield>
    <subfield code="b">BACH-006</subfield>
    <subfield code="c">CONSULTA</subfield>
    <subfield code="d">2015-10-06</subfield>
    <subfield code="f">1a</subfield>
    <subfield code="k">EH</subfield>
    <subfield code="o">AE61 G73 2008</subfield>
    <subfield code="p">PIA000002804</subfield>
    <subfield code="r">2015-10-06 00:00:00</subfield>
    <subfield code="t">C:1 V:11</subfield>
    <subfield code="y">LIB</subfield>
  </datafield>
  <datafield tag="952" ind1=" " ind2=" ">
    <subfield code="1">0</subfield>
    <subfield code="2">lcc</subfield>
    <subfield code="4">0</subfield>
    <subfield code="7">0</subfield>
    <subfield code="a">BACH-006</subfield>
    <subfield code="b">BACH-006</subfield>
    <subfield code="c">CONSULTA</subfield>
    <subfield code="d">2015-10-06</subfield>
    <subfield code="f">1a</subfield>
    <subfield code="k">EH</subfield>
    <subfield code="o">AE61 G73 2008</subfield>
    <subfield code="p">PIA000002805</subfield>
    <subfield code="r">2015-10-06 00:00:00</subfield>
    <subfield code="t">C:1 V:12</subfield>
    <subfield code="y">LIB</subfield>
  </datafield>
  <datafield tag="952" ind1=" " ind2=" ">
    <subfield code="1">0</subfield>
    <subfield code="2">lcc</subfield>
    <subfield code="4">0</subfield>
    <subfield code="7">0</subfield>
    <subfield code="a">BACH-006</subfield>
    <subfield code="b">BACH-006</subfield>
    <subfield code="c">CONSULTA</subfield>
    <subfield code="d">2015-10-06</subfield>
    <subfield code="f">1a</subfield>
    <subfield code="k">EH</subfield>
    <subfield code="o">AE61 G73 2008</subfield>
    <subfield code="p">PIA000002806</subfield>
    <subfield code="r">2015-10-06 00:00:00</subfield>
    <subfield code="t">C:1 V:13</subfield>
    <subfield code="y">LIB</subfield>
  </datafield>
  <datafield tag="952" ind1=" " ind2=" ">
    <subfield code="1">0</subfield>
    <subfield code="2">lcc</subfield>
    <subfield code="4">0</subfield>
    <subfield code="7">0</subfield>
    <subfield code="a">BACH-006</subfield>
    <subfield code="b">BACH-006</subfield>
    <subfield code="c">CONSULTA</subfield>
    <subfield code="d">2015-10-06</subfield>
    <subfield code="f">1a</subfield>
    <subfield code="k">EH</subfield>
    <subfield code="o">AE61 G73 2008</subfield>
    <subfield code="p">PIA000002807</subfield>
    <subfield code="r">2015-10-06 00:00:00</subfield>
    <subfield code="t">C:1 V:14</subfield>
    <subfield code="y">LIB</subfield>
  </datafield>
  <datafield tag="952" ind1=" " ind2=" ">
    <subfield code="1">0</subfield>
    <subfield code="2">lcc</subfield>
    <subfield code="4">0</subfield>
    <subfield code="7">0</subfield>
    <subfield code="a">BACH-006</subfield>
    <subfield code="b">BACH-006</subfield>
    <subfield code="c">CONSULTA</subfield>
    <subfield code="d">2015-10-06</subfield>
    <subfield code="f">1a</subfield>
    <subfield code="k">EH</subfield>
    <subfield code="o">AE61 G73 2008</subfield>
    <subfield code="p">PIA000002808</subfield>
    <subfield code="r">2015-10-06 00:00:00</subfield>
    <subfield code="t">C:1 V:15</subfield>
    <subfield code="y">LIB</subfield>
  </datafield>
  <datafield tag="952" ind1=" " ind2=" ">
    <subfield code="1">0</subfield>
    <subfield code="2">lcc</subfield>
    <subfield code="4">0</subfield>
    <subfield code="7">0</subfield>
    <subfield code="a">BACH-006</subfield>
    <subfield code="b">BACH-006</subfield>
    <subfield code="c">CONSULTA</subfield>
    <subfield code="d">2015-10-06</subfield>
    <subfield code="f">1a</subfield>
    <subfield code="k">EH</subfield>
    <subfield code="o">AE61 G73 2008</subfield>
    <subfield code="p">PIA000002809</subfield>
    <subfield code="r">2015-10-06 00:00:00</subfield>
    <subfield code="t">C:1 V:16</subfield>
    <subfield code="y">LIB</subfield>
  </datafield>
  <datafield tag="952" ind1=" " ind2=" ">
    <subfield code="1">0</subfield>
    <subfield code="2">lcc</subfield>
    <subfield code="4">0</subfield>
    <subfield code="7">0</subfield>
    <subfield code="a">BACH-006</subfield>
    <subfield code="b">BACH-006</subfield>
    <subfield code="c">CONSULTA</subfield>
    <subfield code="d">2015-10-06</subfield>
    <subfield code="f">1a</subfield>
    <subfield code="k">EH</subfield>
    <subfield code="o">AE61 G73 2008</subfield>
    <subfield code="p">PIA000002810</subfield>
    <subfield code="r">2015-10-06 00:00:00</subfield>
    <subfield code="t">C:1 V:17</subfield>
    <subfield code="y">LIB</subfield>
  </datafield>
  <datafield tag="952" ind1=" " ind2=" ">
    <subfield code="1">0</subfield>
    <subfield code="2">lcc</subfield>
    <subfield code="4">0</subfield>
    <subfield code="7">0</subfield>
    <subfield code="a">BACH-006</subfield>
    <subfield code="b">BACH-006</subfield>
    <subfield code="c">CONSULTA</subfield>
    <subfield code="d">2015-10-06</subfield>
    <subfield code="f">1a</subfield>
    <subfield code="k">EH</subfield>
    <subfield code="o">AE61 G73 2008</subfield>
    <subfield code="p">PIA000002811</subfield>
    <subfield code="r">2015-10-06 00:00:00</subfield>
    <subfield code="t">C:1 V:18</subfield>
    <subfield code="y">LIB</subfield>
  </datafield>
  <datafield tag="952" ind1=" " ind2=" ">
    <subfield code="1">0</subfield>
    <subfield code="2">lcc</subfield>
    <subfield code="4">0</subfield>
    <subfield code="7">0</subfield>
    <subfield code="a">BACH-006</subfield>
    <subfield code="b">BACH-006</subfield>
    <subfield code="c">CONSULTA</subfield>
    <subfield code="d">2015-10-06</subfield>
    <subfield code="f">1a</subfield>
    <subfield code="k">EH</subfield>
    <subfield code="o">AE61 G73 2008</subfield>
    <subfield code="p">PIA000002812</subfield>
    <subfield code="r">2015-10-06 00:00:00</subfield>
    <subfield code="t">C:1 V:19</subfield>
    <subfield code="y">LIB</subfield>
  </datafield>
  <datafield tag="952" ind1=" " ind2=" ">
    <subfield code="1">0</subfield>
    <subfield code="2">lcc</subfield>
    <subfield code="4">0</subfield>
    <subfield code="7">0</subfield>
    <subfield code="a">BACH-006</subfield>
    <subfield code="b">BACH-006</subfield>
    <subfield code="c">CONSULTA</subfield>
    <subfield code="d">2015-10-06</subfield>
    <subfield code="f">1a</subfield>
    <subfield code="k">EH</subfield>
    <subfield code="o">AE61 G73 2008</subfield>
    <subfield code="p">PIA000002813</subfield>
    <subfield code="r">2015-10-06 00:00:00</subfield>
    <subfield code="t">C:1 V:20</subfield>
    <subfield code="y">LIB</subfield>
  </datafield>
  <datafield tag="952" ind1=" " ind2=" ">
    <subfield code="1">0</subfield>
    <subfield code="2">lcc</subfield>
    <subfield code="4">0</subfield>
    <subfield code="7">0</subfield>
    <subfield code="a">BACH-006</subfield>
    <subfield code="b">BACH-006</subfield>
    <subfield code="c">CONSULTA</subfield>
    <subfield code="d">2015-10-06</subfield>
    <subfield code="f">1a</subfield>
    <subfield code="k">EH</subfield>
    <subfield code="o">AE61 G73 2008</subfield>
    <subfield code="p">PIA000002814</subfield>
    <subfield code="r">2015-10-06 00:00:00</subfield>
    <subfield code="t">C:1 V:21</subfield>
    <subfield code="y">LIB</subfield>
  </datafield>
  <datafield tag="952" ind1=" " ind2=" ">
    <subfield code="1">0</subfield>
    <subfield code="2">lcc</subfield>
    <subfield code="4">0</subfield>
    <subfield code="7">0</subfield>
    <subfield code="a">BACH-006</subfield>
    <subfield code="b">BACH-006</subfield>
    <subfield code="c">CONSULTA</subfield>
    <subfield code="d">2015-10-06</subfield>
    <subfield code="f">1a</subfield>
    <subfield code="k">EH</subfield>
    <subfield code="o">AE61 G73 2008</subfield>
    <subfield code="p">PIA000002815</subfield>
    <subfield code="r">2015-10-06 00:00:00</subfield>
    <subfield code="t">C:1 V:22</subfield>
    <subfield code="y">LIB</subfield>
  </datafield>
  <datafield tag="952" ind1=" " ind2=" ">
    <subfield code="1">0</subfield>
    <subfield code="2">lcc</subfield>
    <subfield code="4">0</subfield>
    <subfield code="7">0</subfield>
    <subfield code="a">BACH-006</subfield>
    <subfield code="b">BACH-006</subfield>
    <subfield code="c">CONSULTA</subfield>
    <subfield code="d">2015-10-06</subfield>
    <subfield code="f">1a</subfield>
    <subfield code="k">EH</subfield>
    <subfield code="o">AE61 G73 2008</subfield>
    <subfield code="p">PIA000002816</subfield>
    <subfield code="r">2015-10-06 00:00:00</subfield>
    <subfield code="t">C:1 V:23</subfield>
    <subfield code="y">LIB</subfield>
  </datafield>
  <datafield tag="952" ind1=" " ind2=" ">
    <subfield code="1">0</subfield>
    <subfield code="2">lcc</subfield>
    <subfield code="4">0</subfield>
    <subfield code="7">0</subfield>
    <subfield code="a">BACH-006</subfield>
    <subfield code="b">BACH-006</subfield>
    <subfield code="c">CONSULTA</subfield>
    <subfield code="d">2015-10-06</subfield>
    <subfield code="f">1a</subfield>
    <subfield code="k">EH</subfield>
    <subfield code="o">AE61 G73 2008</subfield>
    <subfield code="p">PIA000002817</subfield>
    <subfield code="r">2015-10-06 00:00:00</subfield>
    <subfield code="t">C:1 V:24</subfield>
    <subfield code="y">LIB</subfield>
  </datafield>
</record>
